|
|
|
|
| LEADER |
00000nam0a2200000 4500 |
| 001 |
243699 |
| 005 |
20231101232005.0 |
| 010 |
|
|
|a 5853580310
|
| 035 |
|
|
|a (RuTPU)RU\TPU\book\265051
|
| 090 |
|
|
|a 243699
|
| 100 |
|
|
|a 20131004d1990 k y0rusy50 ca
|
| 101 |
0 |
|
|a rus
|
| 102 |
|
|
|a RU
|
| 105 |
|
|
|a a z 001zy
|
| 200 |
1 |
|
|a Ресурсы нефти и газа и эффективное их освоение
|f Академия наук СССР (АН СССР), Институт геологии и разработки горючих ископаемых (ИГиРГИ) ; под ред. Э. М. Халимова [и др.]
|
| 210 |
|
|
|a Москва
|c Изд-во ИГИРГИ
|d 1990
|
| 215 |
|
|
|a 187 с.
|c ил.
|
| 320 |
|
|
|a Библиогр. в тексте
|
| 606 |
1 |
|
|a Нефтегазовые ресурсы
|2 stltpush
|3 (RuTPU)RU\TPU\subj\69986
|9 84580
|
| 606 |
1 |
|
|a Газ и нефть
|x Добыча
|2 stltpush
|3 (RuTPU)RU\TPU\subj\4531
|9 32791
|
| 610 |
1 |
|
|a нефтяная промышленность
|
| 610 |
1 |
|
|a запасы
|
| 610 |
1 |
|
|a ресурсы
|
| 610 |
1 |
|
|a прогнозы
|
| 610 |
1 |
|
|a Тюменская область
|
| 610 |
1 |
|
|a Западная Сибирь
|
| 610 |
1 |
|
|a Пермская область
|
| 610 |
1 |
|
|a экология
|
| 675 |
|
|
|a 553.98.04
|v 3
|
| 675 |
|
|
|a 622.32
|v 3
|
| 702 |
|
1 |
|a Халимов
|b Э. М.
|4 340
|
| 702 |
|
1 |
|a Азаматов
|b В. И.
|4 340
|
| 702 |
|
1 |
|a Батурин
|b Ю. Н.
|4 340
|
| 712 |
0 |
2 |
|a Академия наук СССР (АН СССР)
|b Институт геологии и разработки горючих ископаемых (ИГиРГИ)
|c (Москва)
|c (1958-????)
|2 stltpush
|3 (RuTPU)RU\TPU\col\13483
|
| 801 |
|
1 |
|a RU
|b 63413507
|c 20131004
|
| 801 |
|
2 |
|a RU
|b 63413507
|c 20131011
|g RCR
|
| 942 |
|
|
|c BK
|